| 000 | 01201namaa2200337 i 4500 | ||
|---|---|---|---|
| 003 | EG-GICUC | ||
| 005 | 20260406142425.0 | ||
| 008 | 260406s2004 ua ||||jr|||| 000 0 ara d | ||
| 017 |
_a2004 / 13759 _bدار الكتب والوثائق القومية (مصر) |
||
| 020 | _a9775732409 | ||
| 040 |
_aEG-GiCUC _bara _cEG-GiCUC _dEG-GiCUC _erda |
||
| 082 | 0 | 4 |
_221 _a228 _bK451 2004 |
| 092 | 0 | 4 |
_221 _a228 _bK451 2004 |
| 099 | _a228 K451 2004 | ||
| 100 | 1 |
_aخالد، خالد محمد _eمؤلف. |
|
| 245 | 1 | 0 |
_aكما تحدث القرآن / _cخالد محمد خالد |
| 250 | _aالطبعة السابعة | ||
| 264 |
_aالقاهرة (مصر) : _bدار المقطم للنشر والتوزيع، _c2004 |
||
| 300 |
_a148 صفحة ؛ _c24 سم _bإيضاحيات، صور، مثيليات ؛ Illustrations |
||
| 336 |
_2rdacontent _atext |
||
| 337 |
_2rdamedia _aUnmediated |
||
| 338 |
_2rdacarrier _avolume |
||
| 504 | _a . | ||
| 541 |
_aد./ جابر عصفور ؛ _bالقاهرة ؛ _cإهداء ؛ _d2024. |
||
| 630 | 2 | 7 |
_aالقرآن _xالقراءات |
| 630 | 2 | 7 |
_2القرآن _tتجويد |
| 650 | 1 | _2qrmak | |
| 651 | 1 | _2qrmak | |
| 905 | _aAmira | ||
| 942 |
_2ddc _cBK _e21 _n0 |
||
| 999 |
_c179236 _d179236 |
||